|
|
|
|
| LEADER |
00000nab a2200000 a 4500 |
| 001 |
vtls000879380 |
| 003 |
SK-MaSNL |
| 005 |
20260304030519.0 |
| 008 |
140303c2004 xo 0 slo |
| 015 |
|
|
|a SNBRB2004/07-21755
|
| 035 |
|
|
|a CLN000230921
|
| 040 |
|
|
|a SNKBUCL
|b slo
|c SNKBUCL
|e AACR2
|
| 041 |
0 |
|
|a slo
|
| 044 |
|
|
|a xo
|c SK
|
| 080 |
|
|
|a 61-051
|2 1997
|
| 080 |
|
|
|a 929 Ondruš, Boris
|2 1997
|
| 080 |
|
|
|a 616.63-006.6-091.8
|2 1997
|
| 100 |
1 |
|
|a Ondruš, Dalibor,
|d 1953-
|4 aut
|9 102851
|
| 245 |
1 |
0 |
|a Ondrušov memoriál o nádoroch močového mechúra
|c Dalibor Ondruš, Martina Cuninková
|
| 300 |
|
|
|b Obr., tab.
|
| 600 |
1 |
7 |
|a Ondruš, Boris,
|d 1924-1995
|2 SNKMA
|9 192071
|
| 650 |
0 |
7 |
|a klasifikácia
|2 SNK
|9 3849
|
| 650 |
0 |
7 |
|a močový mechúr
|2 SNKPH
|9 70115
|
| 650 |
0 |
7 |
|a malígne nádory
|2 SNKPH
|9 70958
|
| 650 |
0 |
7 |
|a histológia
|2 SNKPH
|9 2480
|
| 650 |
0 |
7 |
|a anatómia
|2 SNKPH
|9 695
|
| 655 |
|
7 |
|a články z novín a časopisov
|2 SNK
|9 267496
|
| 700 |
1 |
|
|a Cuninková, Martina,
|d 1977-
|4 aut
|9 213995
|
| 773 |
0 |
|
|t [Príl.] Lekárske listy
|g Č. 12 (2004), s. 16-19
|x 1335-4477
|
| 773 |
0 |
|
|t Zdravotnícke noviny
|g Roč. 9, č. 12 (2004)
|x 1335-4477
|
| 850 |
|
|
|a Slovenská národná knižnica v Martine
|
| 852 |
|
|
|a SNK
|b KIS3GCP
|
| 958 |
|
|
|a MI
|
| 958 |
|
|
|a BX
|
| 992 |
|
|
|a RBX
|
| 999 |
|
|
|c 2634431
|d 2636361
|